Statistics for England 2006 World Cup in Germany Squad

Click here to take the quiz!

General Stats

  • This quiz has been taken 3,772 times
  • The average score is 15 of 23

Answer Stats

HintAnswer% Correct
4Steven Gerrard
96%
8Frank Lampard
96%
7 (c)David Beckham
95%
9Wayne Rooney
95%
3Ashley Cole
94%
11Joe Cole
94%
6John Terry
93%
5Rio Ferdinand
90%
10Michael Owen
84%
2Gary Neville
81%
13David James
79%
1Paul Robinson
72%
21Peter Crouch
72%
23Theo Walcott
65%
15Jamie Carragher
52%
16Owen Hargreaves
51%
18Michael Carrick
49%
12Sol Campbell
45%
19Aaron Lennon
35%
22Scott Carson
31%
14Wayne Bridge
28%
20Stewart Downing
27%
17Jermaine Jenas
17%

Score Distribution

Percentile by Number Answered

Percent of People with Each Score

Your Score History

You have not taken this quiz